000
00191 a2200097 4500
020
_a
9780395799130
041
_a
spa
100
_a
freeman,David
245
_a
Detectives Dinamicos
942
_c
BK
999
_c
31858
_d
31856